000 01127nac a22003017a 4500
001 BR8302315
003 BR-BrBNA
005 20240105115717.0
008 230509b bl.|||m| |||| 00| 0 por d
040 _aBR-BrBNA
_bpor
_cBiblioteca Nacional de Agricultura
072 _aF25; E70
090 _a3801 BR8302315
100 1 _aFerreira, C.R.R.P.T.
100 1 _aNabhan, M.
100 1 _aSoares, A.C. de M.
110 1 _aAssociacao Nacional para Difusao de Adubos e Corretivos Agricolas, Sao Paulo, SP (Brasil)
_9681
245 1 _aUtilizacao de adubos formulados e simples a nivel de tamanho de propriedade, em quatro regioes agricolas de Sao Paulo 1980/81 e 81/82 [Ribeirao Preto, Campinas, Sorocaba, Sao Jose do Rio Preto, Brasil]
260 3 _aSao Paulo, SP (Brasil):
_c1983.
300 _a42 p.
490 _aBoletim Tecnico - Associacao Nacional para Difusao de Adubos e Corretivos Agricolas (Brazil)
_vno. 5
_x
500 _a30 tables
650 _aADUBO
650 _aFERTILIZANTE
650 _aCONSUMO
650 _aSAO PAULO
909 _a202312
_bLúcia Elande
_c55
_dLúcia Elande
942 _2AGRIS
_n0
_cMS
999 _c276023
_d276023